<?xml version="1.0" encoding="UTF-8"?>
<record
    xmlns:xsi="http://www.w3.org/2001/XMLSchema-instance"
    xsi:schemaLocation="http://www.loc.gov/MARC21/slim http://www.loc.gov/standards/marcxml/schema/MARC21slim.xsd"
    xmlns="http://www.loc.gov/MARC21/slim">

  <leader>04243nam a2200505Ii 4500</leader>
  <controlfield tag="001">DIGDYK0442</controlfield>
  <controlfield tag="003">NyNyDIG</controlfield>
  <controlfield tag="008">140409s2012    sp a    ob    000 0 spa d</controlfield>
  <controlfield tag="006">m     o  d        </controlfield>
  <controlfield tag="007">cr |||||||||||</controlfield>
  <datafield tag="040" ind1=" " ind2=" ">
    <subfield code="a">DGITA</subfield>
    <subfield code="b">eng</subfield>
    <subfield code="e">rda</subfield>
    <subfield code="e">pn</subfield>
    <subfield code="c">DGITA</subfield>
  </datafield>
  <datafield tag="020" ind1=" " ind2=" ">
    <subfield code="a">9788490317174</subfield>
    <subfield code="q">(eBook)</subfield>
  </datafield>
  <datafield tag="020" ind1=" " ind2=" ">
    <subfield code="a">8490317178</subfield>
    <subfield code="q">(eBook)</subfield>
  </datafield>
  <datafield tag="020" ind1=" " ind2=" ">
    <subfield code="z">9788415454489</subfield>
  </datafield>
  <datafield tag="020" ind1=" " ind2=" ">
    <subfield code="z">8415454481</subfield>
  </datafield>
  <datafield tag="035" ind1=" " ind2=" ">
    <subfield code="a">(OCoLC)876185740</subfield>
  </datafield>
  <datafield tag="043" ind1=" " ind2=" ">
    <subfield code="a">e-po---</subfield>
    <subfield code="a">nc-----</subfield>
    <subfield code="a">cl-----</subfield>
    <subfield code="a">e-sp---</subfield>
    <subfield code="a">n-mx---</subfield>
  </datafield>
  <datafield tag="050" ind1="1" ind2="4">
    <subfield code="a">KKT1572 eBook</subfield>
  </datafield>
  <datafield tag="245" ind1="0" ind2="3">
    <subfield code="a">El arbitrio judicial en el Antiguo R&#xE9;gimen :</subfield>
    <subfield code="b">(Espa&#xF1;a e Indias, siglos XVI-XVIII) /</subfield>
    <subfield code="c">Jos&#xE9; S&#xE1;nchez-Arcilla Bernal (investigador principal).</subfield>
  </datafield>
  <datafield tag="264" ind1=" " ind2="1">
    <subfield code="a">Madrid :</subfield>
    <subfield code="b">Editorial Dykinson,</subfield>
    <subfield code="c">2012.</subfield>
  </datafield>
  <datafield tag="300" ind1=" " ind2=" ">
    <subfield code="a">1 online resource (748 pages) :</subfield>
    <subfield code="b">illustrations.</subfield>
  </datafield>
  <datafield tag="336" ind1=" " ind2=" ">
    <subfield code="a">text</subfield>
    <subfield code="b">txt</subfield>
    <subfield code="2">rdacontent</subfield>
  </datafield>
  <datafield tag="337" ind1=" " ind2=" ">
    <subfield code="a">computer</subfield>
    <subfield code="b">c</subfield>
    <subfield code="2">rdamedia</subfield>
  </datafield>
  <datafield tag="338" ind1=" " ind2=" ">
    <subfield code="a">online resource</subfield>
    <subfield code="b">cr</subfield>
    <subfield code="2">rdacarrier</subfield>
  </datafield>
  <datafield tag="536" ind1=" " ind2=" ">
    <subfield code="a">Proyecto de investigaci&#xF3;n del MICINN</subfield>
    <subfield code="d">DER 2008-03223/JURI (2009-2011).</subfield>
  </datafield>
  <datafield tag="504" ind1=" " ind2=" ">
    <subfield code="a">Includes bibliographical references.</subfield>
  </datafield>
  <datafield tag="505" ind1="0" ind2="0">
    <subfield code="t">&#xBF;Arbitrariedad o arbitrio? : El otro derecho penal de la otra Monarqu&#xED;a (no) Absoluta /</subfield>
    <subfield code="r">por Jos&#xE9; S&#xE1;nchez-Arcilla Bernal --</subfield>
    <subfield code="t">Arbitrio y arbitrariedad en el derecho romano : el arbitrio juridicial /</subfield>
    <subfield code="r">por Ignacio Cremades Ugarte --</subfield>
    <subfield code="t">El derecho culto como complemento al ejercicio del Arbitrium iudicis en la Colecci&#xF3;n de Observancias de Jaime de Hospital /</subfield>
    <subfield code="r">por Xes&#xFA;s P&#xE9;rez L&#xF3;pez --</subfield>
    <subfield code="t">El arbitrio de los jueces inferiores : su alcance y limitaciones /</subfield>
    <subfield code="r">por Pedro Ortego Gil --</subfield>
    <subfield code="t">Sea enforcado altos los pies fasta que naturalmente muera : El arbitrio judicial en los procesos por homicidio ante la Chanciller&#xED;a de Valladolid en el tr&#xE1;nsito a la edad moderna /</subfield>
    <subfield code="r">por Mar&#xED;a Dolores Pilar Esteves Santamar&#xED;a --</subfield>
    <subfield code="t">El arbitrio judicial y la determinaci&#xF3;n de las penas en el delito de homicidio : legalidad o justicia en la Alcald&#xED;a mayor de San Luis Potos&#xED;, 1695-1765 /</subfield>
    <subfield code="r">por Adriana L&#xF3;pez Ledesma --</subfield>
    <subfield code="t">Honor y muerte en la Madrid del Antiguo R&#xE9;gimen : el delito de homicidio en la jurisidicci&#xF3;n, especial de Palacio /</subfield>
    <subfield code="r">por Mar&#xED;a Dolores Madrid Cruz --</subfield>
    <subfield code="t">Quitar la vida en el Madrid del siglo XVIII : entre el rigor y la clemencia /</subfield>
    <subfield code="r">por Alicia Du&#xF1;aiturria Laguarda --</subfield>
    <subfield code="t">El arbitrio judicial en la Nueva Espa&#xF1;a : los delitos contra la vida en las cuerdas de reos /</subfield>
    <subfield code="r">por Jos&#xE9; S&#xE1;nchez-Arcilla Bernal --</subfield>
    <subfield code="t">El arbitrio judicial en el delito de malos tratamientos de palabra /</subfield>
    <subfield code="r">por Mar&#xED;a Teresa Bouzada Gil --</subfield>
    <subfield code="t">El delito de injurias de obra en el Corrigimiento de &#xDA;beda (1582-1842) /</subfield>
    <subfield code="r">por Pedro Andr&#xE9;s Porras Arboledas --</subfield>
    <subfield code="t">Enga&#xF1;os y fuerzas, honras y dotes : el arbitrio judicial sobre algunos casos de estupro a principales del siglo XVI /</subfield>
    <subfield code="r">por Raquel Medina Plana --</subfield>
    <subfield code="t">Qu&#xE9; cosas deben catar los jueces : el arbitrio judicial en el delito de abigeato de las reales cartas ejecutorias de la Real Audiencia de Valladolid /</subfield>
    <subfield code="r">por Susana Garc&#xED;a Le&#xF3;n --</subfield>
    <subfield code="t">El arbitrio judicial en los procesos penales de la justicia local de Robledo de Chavela y Estremera (1634-1814) /</subfield>
    <subfield code="r">por Alberto Herranz Torres --</subfield>
    <subfield code="t">La condena en costas en los procesos penales incoados ante jueces inferiores de algunas villa cercanas a la Corte (siglo XVIII) /</subfield>
    <subfield code="r">por Mariana Moranchel Pocaterra.</subfield>
  </datafield>
  <datafield tag="588" ind1="0" ind2=" ">
    <subfield code="a">Online resource; title from ePub and PDF title page (Digitalia, viewed Aug. 8, 2014)</subfield>
  </datafield>
  <datafield tag="650" ind1=" " ind2="0">
    <subfield code="a">Justice, Administration of</subfield>
    <subfield code="z">Spain</subfield>
    <subfield code="x">History.</subfield>
  </datafield>
  <datafield tag="650" ind1=" " ind2="0">
    <subfield code="a">Justice, Administration of</subfield>
    <subfield code="z">Latin America</subfield>
    <subfield code="x">History.</subfield>
  </datafield>
  <datafield tag="650" ind1=" " ind2="0">
    <subfield code="a">Criminal procedure</subfield>
    <subfield code="z">Spain</subfield>
    <subfield code="x">History.</subfield>
  </datafield>
  <datafield tag="650" ind1=" " ind2="0">
    <subfield code="a">Criminal procedure</subfield>
    <subfield code="x">Colonies</subfield>
    <subfield code="z">Spain.</subfield>
  </datafield>
  <datafield tag="650" ind1=" " ind2="0">
    <subfield code="a">Judicial power</subfield>
    <subfield code="z">Spain</subfield>
    <subfield code="x">History.</subfield>
  </datafield>
  <datafield tag="650" ind1=" " ind2="0">
    <subfield code="a">Judicial power</subfield>
    <subfield code="x">Colonies</subfield>
    <subfield code="z">Spain.</subfield>
  </datafield>
  <datafield tag="650" ind1=" " ind2="0">
    <subfield code="a">Law</subfield>
    <subfield code="z">Spain</subfield>
    <subfield code="x">History.</subfield>
  </datafield>
  <datafield tag="650" ind1=" " ind2="0">
    <subfield code="a">Law</subfield>
    <subfield code="x">Colonies</subfield>
    <subfield code="z">Spain.</subfield>
  </datafield>
  <datafield tag="655" ind1=" " ind2="0">
    <subfield code="a">Electronic books.</subfield>
  </datafield>
  <datafield tag="700" ind1="1" ind2=" ">
    <subfield code="a">S&#xE1;nchez-Arcilla Bernal, Jos&#xE9;,</subfield>
    <subfield code="e">researcher,</subfield>
    <subfield code="e">editor.</subfield>
  </datafield>
  <datafield tag="791" ind1="2" ind2=" ">
    <subfield code="a">Digitalia (Firm),</subfield>
    <subfield code="e">distributor.</subfield>
  </datafield>
  <datafield tag="793" ind1="0" ind2=" ">
    <subfield code="g">Digitalia eBook Collection:</subfield>
    <subfield code="a">Dykinson Editorial.</subfield>
  </datafield>
  <datafield tag="776" ind1="0" ind2="8">
    <subfield code="i">Print version:</subfield>
    <subfield code="t">Arbitrio judicial en el Antiguo R&#xE9;gimen</subfield>
    <subfield code="d">Madrid : Editorial Dykinson, 2012.</subfield>
    <subfield code="z">9788415454489</subfield>
    <subfield code="w">(OCoLC)840405223</subfield>
  </datafield>
  <datafield tag="856" ind1="4" ind2="0">
    <subfield code="3">Digitalia Hisp&#xE1;nica</subfield>
    <subfield code="u">https://www.digitaliapublishing.com/a/24339/</subfield>
  </datafield>
  <datafield tag="910" ind1=" " ind2=" ">
    <subfield code="a">Premium Collection: 2013</subfield>
  </datafield>
  <datafield tag="942" ind1=" " ind2=" ">
    <subfield code="c">RAA</subfield>
  </datafield>
  <datafield tag="952" ind1=" " ind2=" ">
    <subfield code="0">0</subfield>
    <subfield code="1">0</subfield>
    <subfield code="4">0</subfield>
    <subfield code="7">0</subfield>
    <subfield code="8">DEH</subfield>
    <subfield code="a">BD-UIN</subfield>
    <subfield code="b">BD-UIN</subfield>
    <subfield code="d">2025-04-25</subfield>
    <subfield code="l">0</subfield>
    <subfield code="r">2025-04-25</subfield>
    <subfield code="w">2025-04-25</subfield>
    <subfield code="y">RAA</subfield>
  </datafield>
  <datafield tag="999" ind1=" " ind2=" ">
    <subfield code="c">238337</subfield>
    <subfield code="d">238337</subfield>
  </datafield>
</record>
